00334nam a22001337a 4500003000400000005001700004008004100021020001800062040002300080050001700103082001700120245004400137260001900181OSt20211111091723.0211111b |||||||| |||| 00| 0 eng d a3-8055-2344-0 cHawassa University a641.1/WORb2 a641.1/WORb2 aWorld Review of Nutrition and Dietetics aNew Yorkc1976